Leçons sur la théorie des équations selon Galois : précédées d'une introduction à la théorie des groupes /

Guardado en:
Autor Principal: Verriest, Gustave.
Formato: Libro
Idioma:French
Publicado: Paris : Gauthier-Villars, 1939.
Etiquetas: Agregar Etiqueta
Sin Etiquetas, Sea el primero en etiquetar este registro!
LEADER 00497nam a22001335a 4500
001 MAT.inmabb001644
008 031125s1939####fr############000#0#fre#d
005 20170817164009.0
245 1 0 |a Leçons sur la théorie des équations selon Galois :  |b précédées d'une introduction à la théorie des groupes /  |c par Gustave Verriest. 
260 |a Paris :  |b Gauthier-Villars,  |c 1939. 
300 |a viii, 349 p. ;  |c 25 cm. 
100 1 |a Verriest, Gustave. 
084 |a 12-XX  |2 msc2000 
859 |h 12  |i V554  |p A-2059  |b BIB. MATEMATICA